000 00808nam a22002177a 4500
005 20250903162635.0
010 _aB-762545-555 ENG-146718 BACEN25
020 _a9789348098962
_c425.00
035 _aB-762545-555
035 _aEN-130250
037 _bA Jaico Book
037 _bDBAD
_aDPL
082 _a158.4
100 _aOkawa ,Ryuho
_984675
245 _aThe Laws of the Sun /
_cby Ryuho Okawa
260 _aMumbai
_bJaico Publishing house
_c2025
270 _aA-2,jash chember
_bMumbai
_e400001
300 _a266p.
_c20cm(pbk)
942 _2ddc
_cEN
_h158.4
_mOKA
999 _c209413
_d209413